| 000 | 01096nam a22003015i 4500 | ||
|---|---|---|---|
| 001 | 173746 | ||
| 003 | ES-MaACL | ||
| 005 | 20250728034804.0 | ||
| 008 | 100114s2009 sp |||| | spa d | ||
| 020 | _a978-84-9899-109-3 | ||
| 080 | _a77.03"19" | ||
| 080 | _a94(4)"1918/45" | ||
| 245 | 0 | 3 |
_aEl mundo de entreguerras / _cBrassaï, Alfred Eisenstaedt, Margaret Bourke-White, Willy Ronis ; [redacción, Vicente Ponce, Joan Soriano]. |
| 260 |
_a[Madrid] : _bPúblico, _c2009. |
||
| 300 |
_a[32] p. : _bprincipalmente fot. col. y n. ; _c27 cm. |
||
| 490 | 1 |
_aMaestros de la fotografía ; _v10 |
|
| 650 | 7 |
_aFotografía documental _2embne _912964 |
|
| 651 | 4 |
_aEuropa- _xHistoria- _y1918-1945- _vObras ilustradas. _9173420 |
|
| 700 | 0 |
_aBrassaï. _931390 |
|
| 700 | 1 |
_aEisenstaedt, Alfred. _9141939 |
|
| 700 | 1 |
_aBourke-White, Margaret. _9141933 |
|
| 700 | 1 |
_aRonis, Willy. _9141944 |
|
| 700 | 1 |
_aPonce, Vicente. _9173428 |
|
| 700 | 1 |
_aSoriano, Joan. _9173429 |
|
| 830 | 1 |
_aMaestros de la fotografía ; _v10 _9189242 |
|
| 852 |
_aES-MaACL _j2284-F-10 |
||
| 999 |
_c173746 _d173746 |
||